| 000 | 00963cam a2200265 4500 | ||
|---|---|---|---|
| 001 | 179499 | ||
| 003 | ES-MaACL | ||
| 005 | 20260220164257.0 | ||
| 008 | 111214s2010 sp | |||||||| | spa d | ||
| 020 | _a978-84-92877-03-4 | ||
| 080 | _a821.134.2 Albornoz, Aurora de 1.07 | ||
| 100 | 1 |
_aCamblor Pandiella, Begoña. _9148734 |
|
| 245 | 1 | 0 |
_aHacia todos los vientos _b: el legado creativo de Aurora de Albornoz / _cBegoña Camblor ; prólogo de José Luis Abellán. |
| 250 | _a1ª ed. | ||
| 260 |
_aMadrid : _bDevenir, _c2010. |
||
| 300 |
_a445 p. ; _c22 cm. |
||
| 490 | 1 |
_aDevenir ensayo ; _v21 |
|
| 504 | _aBibliografía: p. 417-440. | ||
| 600 | 1 | 7 |
_aAlbornoz, Aurora de, _d1926-1990- _xCrítica e interpretación _2 _9144456 |
| 700 | 1 |
_aAbellán, José Luis, _d1933-2023 _9176509 |
|
| 830 | 1 |
_aDevenir ensayo ; _v21 _9184485 |
|
| 852 |
_aES-MaACL _jA-11716 _9186394 _bR.146719 _cDEPO1 _dOlim: N-4721 |
||
| 942 |
_2udc _cMONOGRAFIA |
||
| 999 |
_c179499 _d179499 |
||